000 00658nam a2200229Ia 4500
003 OSt
005 20220928103348.0
006 a|||||r|||| 00| 0
007 ta
008 220927b |||||||| |||| 00| 0 eng d
024 _a59335
037 _cTextual
040 _aSDCL
_cSDCL
_beng
041 _2eng
_aeng
082 _aR66xJ85,1, P3
100 _aDharmrajadhveinder
_9403739
245 0 _aVedantparibhasha
_b Vyakhyakaar shrijeevannandvidyasagar bhattachaiyain
260 _aDelhi
_bPunkaj Publication
_c2003
300 _a212p
_ccm.
942 _hR66xJ85,1, P3
_cTEXL
_2CC
999 _c719508
_d719508